Kembang patapan. (Record no. 64915)
[ view plain ]
| 000 -LEADER | |
|---|---|
| fixed length control field | 00723cam a22002411 4500 |
| 001 - CONTROL NUMBER | |
| control field | sa 65006872 |
| 003 - CONTROL NUMBER IDENTIFIER | |
| control field | DLC |
| 005 - DATE AND TIME OF LATEST TRANSACTION | |
| control field | 20260227112145.0 |
| 008 - FIXED-LENGTH DATA ELEMENTS--GENERAL INFORMATION | |
| fixed length control field | 931105s1963 io 000 1 sun |
| 010 ## - LIBRARY OF CONGRESS CONTROL NUMBER | |
| LC control number | sa 65006872 |
| 025 ## - OVERSEAS ACQUISITION NUMBER | |
| Overseas acquisition number | PL480:Indo-1860 |
| 035 ## - SYSTEM CONTROL NUMBER | |
| System control number | (OCoLC)29252953 |
| 040 ## - CATALOGING SOURCE | |
| Original cataloging agency | DLC |
| Transcribing agency | CU |
| Modifying agency | DLC |
| 042 ## - AUTHENTICATION CODE | |
| Authentication code | premarc |
| 050 00 - LIBRARY OF CONGRESS CALL NUMBER | |
| Classification number | PL5454.A57 |
| Item number | D4 |
| 100 1# - MAIN ENTRY--PERSONAL NAME | |
| Personal name | Amin, Sjarif, |
| Dates associated with a name | 1907- |
| 245 10 - TITLE STATEMENT | |
| Title | Kembang patapan. |
| 260 ## - PUBLICATION, DISTRIBUTION, ETC. | |
| Place of publication, distribution, etc. | Bandung, |
| Name of publisher, distributor, etc. | "Pelita Masa" |
| Date of publication, distribution, etc. | [1963?] |
| 300 ## - PHYSICAL DESCRIPTION | |
| Extent | 88 p. |
| Dimensions | 17 cm. |
| 500 ## - GENERAL NOTE | |
| General note | Novelization, in Sundanese, of Sanoesi Pané's Kertadjaja. |
| 500 ## - GENERAL NOTE | |
| General note | The novelization was first published in 1933 under title: Déwi Amisani. |
| 700 1# - ADDED ENTRY--PERSONAL NAME | |
| Personal name | Pane, Sanusi, |
| Dates associated with a name | 1905-1968. |
| Title of a work | Kertadjaja. |
No items available.